[Event "Asia CCCL"]
[Site "Khanty-Mansiysk"]
[Date "2025.06.18"]
[Round "1.4"]
[White "Kozganbay, Erkin"]
[Black "Wang, Yinuo"]
[Result "1-0"]
[WhiteElo "2260"]
[BlackElo "2029"]
[PlyCount "123"]
[EventDate "2025.06.18"]
[EventType "team-tourn"]
[EventRounds "7"]
[EventCountry "RUS"]
[SourceTitle "CB27_2025"]
[SourceDate "2025.07.02"]
[SourceVersion "1"]
[SourceVersionDate "2025.07.02"]
[SourceQuality "1"]
[WhiteTeam "Astana"]
[BlackTeam "Hangzhou"]
[WhiteTeamCountry "KAZ"]
[BlackTeamCountry "CHN"]

1. Nf3 Nf6 2. c4 e6 3. g3 d5 4. Bg2 Be7 5. 0-0 0-0 6. b3 c5 7. cxd5 exd5 8. d4 Nc6 9. Nc3 Ne4 10. Bb2 Bf6 11. Rc1 Nxd4 12. Nxd4 Bxd4 13. e3 Bf6 14. Qxd5 Qxd5 15. Nxd5 Bxb2 16. Rc2 Nxg3 17. hxg3 Ba3 18. Ne7+ Kh8 19. Nxc8 Raxc8 20. Bxb7 Rcd8 21. e4 Rd4 22. Re1 Rfd8 23. Ree2 g6 24. Ba6 Kg7 25. Bc4 h5 26. Kg2 Re8 27. f3 Re7 28. Kh3 g5 29. e5 Bb4 30. Rc1 h4 31. f4 gxf4 32. gxh4 Bd2 33. Rg1+ Kf8 34. e6 fxe6 35. Rxe6 Rxe6 36. Bxe6 Be3 37. Rg8+ Ke7 38. Bg4 a5 39. h5 Kf7 40. Rg5 Rd6 41. Bf3 Rh6 42. Kg4 Ke6 43. Bd5+ Kd6 44. Bf3 Ke6 45. Bd5+ Kd6 46. Rf5 Rh7 47. Bf7 Rg7+ 48. Bg6 Ke6 49. Rf8 Ke5 50. Kf3 Kd4 51. Ra8 Kc3 52. Rxa5 Kb4 53. Ra8 Re7 54. h6 Bd4 55. h7 Re3+ 56. Kxf4 Rh3 57. Kg4 Rh6 58. Ra4+ Kc3 59. Rxd4 cxd4 60. Kg5 Rh1 61. Bh5 Rg1+ 62. Kh6 1-0

[Event "China zt 3.5"]
[Site "Jiangxi"]
[Date "2025.03.25"]
[Round "4"]
[White "Wang, Yinuo"]
[Black "Jiang, Liu"]
[Result "1/2-1/2"]
[WhiteElo "1950"]
[BlackElo "1983"]
[PlyCount "71"]
[EventDate "2025.03.22"]
[EventType "swiss"]
[EventRounds "9"]
[EventCountry "CHN"]
[SourceTitle "CB14_2025"]
[SourceDate "2024.11.01"]
[SourceVersion "1"]
[SourceVersionDate "2024.11.01"]
[SourceQuality "1"]

1. d4 d5 2. c4 c6 3. Nf3 Nf6 4. e3 Bf5 5. Nc3 e6 6. Nh4 Be4 7. f3 Bg6 8. Bd2 Nbd7 9. Nxg6 hxg6 10. cxd5 exd5 11. Bd3 Bd6 12. Qe2 Qe7 13. 0-0-0 0-0-0 14. e4 dxe4 15. fxe4 Bb4 16. a3 Bxc3 17. Bxc3 Rde8 18. Rde1 c5 19. d5 Ne5 20. Bc2 Qd6 21. Kb1 Kb8 22. h3 Re7 23. Rhf1 Nfd7 24. Rc1 Rc8 25. Bd2 a6 26. h4 Ka8 27. g4 Ree8 28. h5 f6 29. g5 gxh5 30. Qxh5 Nc4 31. Bc3 Qb6 32. Ka2 Ne3 33. Rfe1 Nxc2 34. Rxc2 c4 35. gxf6 gxf6 36. Qf5 1/2-1/2

[Event "Daqing Boyi Cup-B"]
[Site "Daqing"]
[Date "2024.07.17"]
[Round "9"]
[White "Xie, Chujun"]
[Black "Wang, Yinuo"]
[Result "1-0"]
[WhiteElo "1654"]
[BlackElo "1723"]
[PlyCount "95"]
[EventDate "2024.07.13"]
[EventType "swiss"]
[EventRounds "9"]
[EventCountry "CHN"]
[SourceTitle "CBM 221 Extra"]
[Source "ChessBase"]
[SourceDate "2024.09.30"]
[SourceVersion "1"]
[SourceVersionDate "2024.09.30"]
[SourceQuality "1"]

1. e4 c5 2. Nf3 e6 3. d4 cxd4 4. Nxd4 Nf6 5. Nc3 Nc6 6. Nxc6 bxc6 7. e5 Nd5 8. Ne4 Qc7 9. f4 Qb6 10. c4 Bb4+ 11. Ke2 f5 12. exf6 Nxf6 13. Be3 Qb8 14. Nxf6+ gxf6 15. Kf2 0-0 16. Bd3 d5 17. Qc2 Rf7 18. cxd5 cxd5 19. Rhf1 d4 20. Bd2 Bd6 21. Kg1 f5 22. Bc4 Bd7 23. b4 Qb6 24. Qd3 Re8 25. a4 Bf8 26. a5 Qd6 27. b5 Bc8 28. a6 Be7 29. Ba5 Bd8 30. Bxd8 Rxd8 31. Rae1 Kh8 32. Re5 Rf6 33. Rfe1 Rg6 34. Qb3 d3 35. Qc3 Kg8 36. Rd1 d2 37. Re2 Qxf4 38. Rexd2 Rf8 39. Rd8 Qg5 40. Rxf8+ Kxf8 41. Bf1 Rg8 42. Qxc8+ Kf7 43. Qd7+ Kf6 44. Qd4+ Kg6 45. Qxa7 f4 46. Qd4 e5 47. Qe4+ Kf6 48. a7 1-0

[Event "Daqing Boyi Cup-B"]
[Site "Daqing"]
[Date "2024.07.15"]
[Round "5"]
[White "Batmunkh, Nyamdorj"]
[Black "Wang, Yinuo"]
[Result "0-1"]
[WhiteElo "1812"]
[BlackElo "1723"]
[PlyCount "172"]
[EventDate "2024.07.13"]
[EventType "swiss"]
[EventRounds "9"]
[EventCountry "CHN"]
[SourceTitle "CBM 221 Extra"]
[Source "ChessBase"]
[SourceDate "2024.09.30"]
[SourceVersion "1"]
[SourceVersionDate "2024.09.30"]
[SourceQuality "1"]

1. c4 e6 2. g3 Nf6 3. Bg2 d5 4. Nf3 Be7 5. 0-0 0-0 6. b3 c5 7. Bb2 Nc6 8. d3 b6 9. e4 dxe4 10. dxe4 Bb7 11. Nc3 e5 12. Re1 Bd6 13. Nd5 Re8 14. Nh4 Nd4 15. Qd2 Nxd5 16. exd5 Qf6 17. Rad1 h6 18. Re4 g5 19. Bxd4 exd4 20. Rxe8+ Rxe8 21. Nf3 Bc8 22. Re1 Rxe1+ 23. Qxe1 Bf5 24. Nd2 Kg7 25. Be4 Qe5 26. f3 Bh3 27. Kf2 h5 28. Bd3 h4 29. Qxe5+ Bxe5 30. a3 Bd7 31. Ne4 f6 32. Kg2 a5 33. a4 Kh6 34. g4 Kg7 35. h3 Kf7 36. Kf1 Ke7 37. Ke2 Bf4 38. Nf2 Kd6 39. Bg6 Bc1 40. Bf5 Bxf5 41. gxf5 Bf4 42. Ng4 Ke7 43. Kd3 Bd6 44. Ke4 Kf7 45. Nf2 Ke7 46. Nd3 Kd7 47. Ne1 Ke7 48. Nc2 Kd7 49. Na3 Ke7 50. Nb5 Kd7 51. Na7 Ke7 52. Kd3 Kd7 53. Nc6 Kc7 54. Na7 Kd7 55. Ke4 Ke7 56. Kd3 Kd7 57. Kc2 Kc7 58. Kd3 Kd7 59. Nb5 Ke7 60. Na3 Kd7 61. Nb1 Bf4 62. Na3 Bd6 63. Nc2 Bg3 64. Ke4 Kd6 65. Na3 Kd7 66. Nb5 Bd6 67. Na7 Ke7 68. b4 axb4 69. Nc8+ Kd7 70. Nxb6+ Kc7 71. a5 Kb7 72. Nd7 Be7 73. d6 Bxd6 74. Nxf6 b3 75. Kd3 b2 76. Kc2 d3+ 77. Kxb2 Be5+ 78. Kc1 Bxf6 79. Kd2 Ka6 80. Kxd3 Kxa5 81. Ke4 Kb4 82. Kd5 Bd4 83. Ke6 Kxc4 84. f6 Kd3 85. f7 Bg7 86. Ke7 c4 0-1

[Event "Daqing Boyi Cup-B"]
[Site "Daqing"]
[Date "2024.07.14"]
[Round "3"]
[White "Biketova, Mariia"]
[Black "Wang, Yinuo"]
[Result "0-1"]
[WhiteElo "1563"]
[BlackElo "1723"]
[PlyCount "132"]
[EventDate "2024.07.13"]
[EventType "swiss"]
[EventRounds "9"]
[EventCountry "CHN"]
[SourceTitle "CBM 221 Extra"]
[Source "ChessBase"]
[SourceDate "2024.09.30"]
[SourceVersion "1"]
[SourceVersionDate "2024.09.30"]
[SourceQuality "1"]

1. d4 Nf6 2. c4 e6 3. Nc3 Bb4 4. a3 Bxc3+ 5. bxc3 b6 6. f3 d5 7. Bg5 Bb7 8. e3 Nbd7 9. Bd3 h6 10. Bh4 c5 11. Ne2 Rc8 12. Rc1 Qe7 13. Qb3 Nb8 14. 0-0 0-0 15. Bxf6 Qxf6 16. e4 dxc4 17. Bxc4 Nc6 18. e5 Qe7 19. Qb2 Rfd8 20. Bb5 Na5 21. Ng3 Qh4 22. Rfd1 cxd4 23. cxd4 Rxc1 24. Rxc1 a6 25. Be2 Qxd4+ 26. Qxd4 Rxd4 27. Rb1 b5 28. Bd1 Nc4 29. a4 b4 30. Ne2 Rd2 31. Kf2 Nxe5 32. Rxb4 Nd3+ 33. Ke3 Rxd1 34. Rxb7 Nc5 35. Rb4 Rd3+ 36. Kf2 Ra3 37. Nf4 Rxa4 38. Rxa4 Nxa4 39. Ke3 Kf8 40. Kd4 Ke7 41. Kc4 Kd6 42. Kb4 Nc5 43. g3 g5 44. Ne2 Kd5 45. h3 f5 46. Kc3 a5 47. Nc1 e5 48. Ne2 h5 49. Ng1 Ne6 50. Ne2 h4 51. Kd3 Nd4 52. Nc3+ Kc5 53. gxh4 gxh4 54. Ke3 Kc4 55. Nb1 Ne6 56. Kd2 Nf4 57. Na3+ Kb3 58. Nc2 a4 59. Kc1 a3 60. Kb1 a2+ 61. Kc1 Nxh3 62. Na1+ Kc3 63. Nc2 Nf2 64. Na1 h3 65. f4 h2 66. fxe5 h1Q# 0-1

[Event "CHN-chT"]
[Site "Qingdao"]
[Date "2024.04.07"]
[Round "6.3"]
[White "Wang, Yinuo"]
[Black "Xu, Tianqi"]
[Result "1/2-1/2"]
[WhiteElo "1705"]
[BlackElo "1670"]
[PlyCount "96"]
[EventDate "2024.04.02"]
[EventType "team-swiss"]
[EventRounds "9"]
[EventCountry "CHN"]
[SourceTitle "CBM 219 Extra"]
[Source "ChessBase"]
[SourceDate "2024.05.31"]
[SourceVersion "1"]
[SourceVersionDate "2024.05.31"]
[SourceQuality "1"]
[WhiteTeam "Anhui"]
[BlackTeam "Henan"]
[WhiteTeamCountry "CHN"]
[BlackTeamCountry "CHN"]

1. d4 Nf6 2. c4 e6 3. g3 d5 4. Nf3 dxc4 5. Bg2 Bb4+ 6. Bd2 a5 7. Qc2 Bxd2+ 8. Qxd2 c6 9. Ne5 b5 10. 0-0 Ra6 11. b3 cxb3 12. axb3 0-0 13. Rc1 Bb7 14. Nc3 Nbd7 15. Qb2 Qb6 16. Nxd7 Nxd7 17. Ne4 Rd8 18. e3 h6 19. h4 Rda8 20. Ra3 a4 21. b4 Rd8 22. g4 Ba8 23. h5 Qb8 24. f4 Nb6 25. Nc5 Ra7 26. Qf2 Qd6 27. Be4 Qe7 28. Qg3 Nd7 29. g5 Nxc5 30. Rxc5 Kh8 31. Qg2 Rc7 32. Kh2 f5 33. Bf3 hxg5 34. fxg5 Qd6+ 35. Qg3 f4 36. Qxf4 Qxf4+ 37. exf4 Rxd4 38. Re3 Rxf4 39. Rxe6 Rc8 40. Be4 Rcf8 41. Kg3 Bb7 42. h6 Bc8 43. hxg7+ Kxg7 44. Rg6+ Kh8 45. Rh6+ Kg7 46. Rg6+ Kh8 47. Rh6+ Kg7 48. Rg6+ Kh8 1/2-1/2

[Event "Hohhot National op"]
[Site "Hohhot"]
[Date "2023.12.23"]
[Round "8"]
[White "Cheng, Gongpu"]
[Black "Wang, Yinuo"]
[Result "1/2-1/2"]
[WhiteElo "1537"]
[BlackElo "1506"]
[PlyCount "72"]
[EventDate "2023.12.20"]
[EventType "swiss"]
[EventRounds "9"]
[EventCountry "CHN"]
[SourceTitle "CBM 217 Extra"]
[Source "ChessBase"]
[SourceDate "2024.01.31"]
[SourceVersion "1"]
[SourceVersionDate "2024.01.31"]
[SourceQuality "1"]

1. d4 Nf6 2. Nf3 e6 3. c4 b6 4. g3 Bb7 5. Bg2 Be7 6. 0-0 0-0 7. Nc3 Ne4 8. Ne5 Nxc3 9. bxc3 Bxg2 10. Kxg2 d6 11. Nd3 c5 12. e3 Nc6 13. d5 Na5 14. dxe6 fxe6 15. Nf4 Qc8 16. Qd3 Rf6 17. e4 Qa6 18. Nd5 Bd8 19. Nxf6+ Bxf6 20. Be3 Qxc4 21. Qxc4 Nxc4 22. Rac1 Kf7 23. Kf3 b5 24. Ke2 Rc8 25. f4 a5 26. Kd3 d5 27. e5 Be7 28. Rf2 a4 29. g4 b4 30. cxb4 cxb4 31. Bd4 Ke8 32. Rfc2 Rb8 33. f5 Kf7 34. Rf2 b3 35. axb3 Rxb3+ 36. Rc3 Rb1 1/2-1/2

[Event "Daqing Boyi Cup-B"]
[Site "Daqing"]
[Date "2023.08.16"]
[Round "7"]
[White "Chen, Haoxuan"]
[Black "Wang, Yinuo"]
[Result "0-1"]
[WhiteElo "1789"]
[BlackElo "1381"]
[PlyCount "78"]
[EventDate "2023.08.13"]
[EventType "swiss"]
[EventRounds "9"]
[EventCountry "CHN"]
[SourceTitle "EXT 2024"]
[Source "ChessBase"]
[SourceDate "2023.10.10"]
[SourceVersion "1"]
[SourceVersionDate "2023.10.10"]
[SourceQuality "1"]

1. e4 c5 2. f4 d5 3. Bb5+ Bd7 4. Bxd7+ Qxd7 5. d3 Nc6 6. Nc3 dxe4 7. dxe4 Qxd1+ 8. Nxd1 0-0-0 9. c3 e5 10. f5 Nf6 11. Bg5 Be7 12. Bxf6 Bxf6 13. Nf3 Be7 14. Ne3 f6 15. Ke2 Rd7 16. g4 h6 17. h4 Rhd8 18. Nd5 Bf8 19. g5 Ne7 20. c4 Nxd5 21. exd5 Re8 22. gxh6 gxh6 23. Nd2 e4 24. Rhg1 Bd6 25. Rg4 e3 26. Ne4 h5 27. Nxd6+ Rxd6 28. Rf4 b5 29. Rc1 Kb7 30. b3 bxc4 31. bxc4 Ra6 32. Rc2 Ra3 33. Rf3 Re4 34. Rb2+ Kc7 35. Rg3 Rxh4 36. Rg7+ Kd6 37. Kf3 e2+ 38. Kf2 Rh2+ 39. Ke1 Rh1+ 0-1

[Event "Daqing Boyi Cup-B"]
[Site "Daqing"]
[Date "2023.08.15"]
[Round "5"]
[White "Wang, Yinuo"]
[Black "Tsogtbayar, Batlut"]
[Result "0-1"]
[WhiteElo "1381"]
[BlackElo "1623"]
[PlyCount "110"]
[EventDate "2023.08.13"]
[EventType "swiss"]
[EventRounds "9"]
[EventCountry "CHN"]
[SourceTitle "EXT 2024"]
[Source "ChessBase"]
[SourceDate "2023.10.10"]
[SourceVersion "1"]
[SourceVersionDate "2023.10.10"]
[SourceQuality "1"]

1. Nf3 Nf6 2. g3 d5 3. Bg2 g6 4. d4 Bg7 5. 0-0 0-0 6. c4 c6 7. Nbd2 a5 8. b3 Na6 9. Bb2 Nc7 10. Rc1 Bh6 11. e3 a4 12. bxa4 dxc4 13. Nxc4 Be6 14. Nfe5 Bd5 15. Bxd5 Ncxd5 16. a5 Ne4 17. Qb3 Ra7 18. Ba3 Qa8 19. Nd3 b6 20. axb6 Nd2 21. Nxd2 Rxa3 22. Qb1 Nxb6 23. Qxb6 Rxd3 24. Nc4 Rb8 25. Qc7 Bf8 26. Ne5 Rc8 27. Qd7 Rd8 28. Qxd8 Qxd8 29. Nxd3 Qd5 30. a4 Qa5 31. Rc4 Qa6 32. Rfc1 e6 33. Ne5 h5 34. h4 Be7 35. Nxc6 Bf6 36. e4 Kh7 37. d5 exd5 38. exd5 g5 39. hxg5 Bxg5 40. R1c2 Qb6 41. a5 Qb1+ 42. Kg2 Qd1 43. Nd4 h4 44. a6 h3+ 45. Kxh3 Qh1+ 46. Kg4 Kg6 47. Rc6+ f6 48. Rxf6+ Bxf6 49. Ne2 Qh5+ 50. Kf4 Qf5+ 51. Ke3 Qxc2 52. Nf4+ Kf7 53. Kf3 Qa4 54. g4 Qxa6 55. Nh5 Qd3+ 0-1

[Event "Daqing Boyi Cup-B"]
[Site "Daqing"]
[Date "2023.08.14"]
[Round "4"]
[White "Zhang, Zhi"]
[Black "Wang, Yinuo"]
[Result "1/2-1/2"]
[WhiteElo "1791"]
[BlackElo "1381"]
[PlyCount "72"]
[EventDate "2023.08.13"]
[EventType "swiss"]
[EventRounds "9"]
[EventCountry "CHN"]
[SourceTitle "EXT 2024"]
[Source "ChessBase"]
[SourceDate "2023.10.10"]
[SourceVersion "1"]
[SourceVersionDate "2023.10.10"]
[SourceQuality "1"]

1. d4 Nf6 2. Bf4 e6 3. e3 b6 4. Bd3 Bb7 5. Nf3 c5 6. h3 d5 7. c3 Nc6 8. Nbd2 Bd6 9. Ne5 Qc7 10. Nxc6 Bxc6 11. Bxd6 Qxd6 12. f4 cxd4 13. cxd4 0-0 14. 0-0 b5 15. Rc1 Rfc8 16. Nb3 a5 17. Nc5 Nd7 18. b3 Nxc5 19. Rxc5 b4 20. Qc2 g6 21. h4 Kg7 22. Rc1 Bb7 23. Qb2 Qd8 24. h5 Qh4 25. hxg6 hxg6 26. Qf2 Rxc5 27. Rxc5 Qh5 28. Qf3 Qh4 29. g3 Qh3 30. Rc2 Rc8 31. Rxc8 Bxc8 32. Bf1 Qf5 33. Qd1 Bd7 34. Kf2 Qh5 35. Qd3 Qf5 36. Qd1 Qh5 1/2-1/2